[Event "Biel GM"]
[Site "Biel"]
[Date "2006.07.30"]
[Round "6"]
[White "Volokitin, Andrei"]
[Black "Radjabov, Teimour"]
[Result "1/2-1/2"]
[WhiteElo "2662"]
[BlackElo "2728"]
[Annotator "Rogozenco,D"]
[PlyCount "57"]
[EventDate "2006.07.24"]
[EventType "tourn"]
[EventRounds "10"]
[EventCountry "SUI"]
[EventCategory "17"]
[SourceTitle "CBM 114"]
[Source "ChessBase"]
[SourceDate "2006.10.02"]
[SourceVersion "1"]
[SourceVersionDate "2006.10.02"]
[SourceQuality "1"]

1. e4 {Kritz} c5 2. Nf3 Nc6 3. d4 cxd4 4. Nxd4 Nf6 5. Nc3 e5 6. Ndb5 d6 7. Bg5
a6 8. Na3 b5 9. Nd5 Be7 10. Bxf6 (10. Nxe7 $5 {(Kritz) looks logical at first
glance, in order to acquire the advantage of the bishop pair. But does not
give him an opening advantage. sieht auf den ersten Blick logisch aus, um den
Vorteil des Läuferpaars zu sichern. Bringt aber doch keinen Eröffnungsvorteil.}
Nxe7 (10... Qxe7 11. c4 b4 12. Nc2 $14 h6 $2 13. Bxf6 Qxf6 14. Nxb4 Nxb4 15.
Qa4+ $16) 11. Bd3 (11. Bxf6 gxf6 12. Bd3 Bb7 $132 {If the white knight were
"in play", White would have a slight advantage with his better pawn structure.
This is compensated for here by the "offside" position of the knight. Wäre der
weiße Springer "im Spiel" gewesen, so hätte Weiß kleinen Vorteil durch die
bessere Bauernstruktur. Diese wird hier jedoch durch die Abseitsstellung des
Springers kompensiert.}) 11... Bb7 12. Qe2 Nd7 13. O-O O-O 14. c4 b4 15. Nc2 a5
$132 {Thanks to the c5-square, Black has sufficient counterplay. Dank dem Feld
c5 verfügt Schwarz über ausreichendes Gegenspiel.}) 10... Bxf6 11. c3 Bg5 (
11... Ne7 {Kritz} 12. Nxf6+ gxf6 13. Nc2 Bb7 14. Bd3 d5 15. exd5 Qxd5 16. Ne3
$14 {With sharp play, probably better for White. Mit scharfem, aber vermutlich
doch etwas besseren Spiel für Weiß.}) (11... O-O {Kritz} 12. Nc2 Rb8 13. h4 $1
{An important move to prevent Black putting his bishop on the c1-h6 diagonal.
Wichtiger Zug, der Schwarz daran hindert, seinen Läufer auf die Diagonale
c1-h6 zu postieren.} Be7 (13... Bxh4 $4 14. Qh5 $18 {xh7}) 14. Nce3 Be6 15. Qf3
Qd7 16. Rd1 $14 {White achieves the best possible setup, but it is not enough
for a +/=, since Black's position is very compact. Weiß erreicht hier die
bestmögliche Aufstellung, doch reicht es nicht mehr als für +/= aus, da die
schwarze Stellung sehr kompakt ist.}) (11... Rb8 {Kritz} 12. Nc2 Bg5 13. a4
bxa4 14. Ncb4 Bd7 15. Bxa6 $14 {Long ter, White's position is better, because
as well as the weakness on d6 Black now has the a4-pawn to protect. Auf lange
Sicht ist die weiße Stellung besser, denn Schwarz hat nun neben der
d6-Schwäche auch noch den a4 Bauern, den er verteidigen muss.}) 12. Nc2 O-O 13.
a4 bxa4 14. Rxa4 a5 15. Bc4 (15. Bb5 {Kritz} Ne7 (15... Na7 16. Bc4 $14 {
the knight is much worse on a7 than on c6. der Springer steht auf a7 viel
schlechter als auf c6.}) 16. Ncb4 Nxd5 (16... Bh3 $5 {is an interesting
attempt ist ein interessanter Versuch, einen schnellen Konter zu starten:} 17.
Nxe7+ Qxe7 18. Nd5 Qb7 19. c4 $1 Be6 (19... Bxg2 20. Rg1 Bxe4 21. Rxg5 $16) 20.
O-O f5 $132 {And Black has managed to hem in the white bishop with the c4-pawn
so that it cannot return to the kingside. Damit hat Schwarz erreicht, dass der
weiße Läufer durch den c4-Bauern begrenzt wird und nicht zurück zum
Königsflügel kehren kann.}) 17. Nxd5 Be6 $11) 15... Bd7 $5 {A very rare move,
introduced in 1970 by the Dutch player Alexander Jongsma. Until the present
game it was never met in the high level practice. Black's idea is to keep the
option to develop the rook on the c-file, which can be important if White
advances the b-pawn. In that case Black can try to use the newly weakness on
c3. Kritz: 'An extremely rare but interesting move! The usual move is:' Kritz:
'Ein äußerst seltener, aber interessanter Zug! Üblich ist:'} (15... Rb8 16. b3
{Kritz} Kh8 17. O-O (17. Nce3 g6 18. O-O f5 $132) 17... f5 18. exf5 Bxf5 19.
Nce3 Bg6 $132) 16. O-O (16. b3 Ne7 17. Ra3 Rc8 18. Qd3 Nxd5 19. Bxd5 Qb6 20.
O-O Kh8 21. c4 Qc5 22. Raa1 Rb8 23. Qc3 Bd8 $11 {1-0 Janosevic,D-Jongsma,A/
Amsterdam 1970 (55)}) (16. Ra2 Rc8 17. Qd3 $13) (16. Ra3 Ne7 17. O-O Rc8 18.
Qd3 Nxd5 19. Bxd5 Qb6 (19... Kh8 $5 20. Rfa1 (20. Qa6 Rb8 $11 {[%csl Rb2][%cal
Gd7b5]}) 20... a4 $13) 20. Rfa1 a4 (20... Qxb2 $4 21. Rb3 $18) 21. Nb4 Kh8 22.
Qa6 Qxa6 (22... Bd8 {1/2-1/2 Scholl,E-Jongsma,A/Leeuwarden 1970 (42)} 23. Rxa4
$1 $16) 23. Nxa6 f5 $14) 16... Nb4 $5 $146 {An impressive-looking "fork" to
opponent's knights.} (16... Qb8 {was met in some correspondence games, but
looks rather dubious.} 17. b3 $14) (16... Ne7 {looks like a playable
alternative:} 17. Ra2 Rc8 (17... Bc6 18. Qd3 Nxd5 19. Bxd5 Qb6 20. Rfa1 Rab8
21. Na3 $1 $16 {1-0 Schussler,H (2360)-Kouatly,B (2340)/Groningen 1976 (41)})
18. Qe2 Rc5 19. b4 Nxd5 20. Bxd5 axb4 21. cxb4 Bb5 22. Qd1 Rc3 {1/2-1/2 Mihok,
O (1913)-Giesler,J (1243)/Willingen 2003}) ({Another way to exploit the
unprotected rook on a4 is} 16... Nd4 {although this challenges only the less
active knight.} 17. Ra2 Ne6 18. Nce3 Kh8 19. Nf5 $36 {0-1 Fatalieva,U (1599)
-Aflalo,S (1599)/Belfort 2005 (31)}) 17. Ra3 ({White has at his disposal two
attractive ways of positional exchange sacrifice:} 17. Rxb4 axb4 18. Ncxb4 Kh8
$13) ({and} 17. Ncxb4 $5 Bxa4 18. Qxa4 axb4 19. Qxb4 $13) 17... Rc8 18. cxb4 {
This change of the pawn structure looks favourable for Black, who now has good
chances to solve his problems.} (18. b3 Nxd5 19. Qxd5 Be6 20. Qd3 Bxc4 21. bxc4
Rc5 $11) (18. Bb3 Nxd5 19. Bxd5 Qb6 (19... a4 $11 {Kritz Leads to a position
of dynamic equilibrium. führt zu einer Stellung mit dynamischen Gleichgewicht.}
) 20. Qd3 (20. Rb3 Qc5 $11) 20... Bb5 $1 (20... Qxb2 21. Rb3 Qa2 22. Rb7 $18) (
20... Qc5 21. Rfa1 Bd8 22. b4 $14) 21. c4 Bd7 22. Rfa1 a4 $11) 18... axb4 {
'=' Kritz. At first glance White has a great advantage after 19.Ra6. This game
allows me to affirm that Black can reach equality in a few moves. Kritz: 'Auf
den ersten Blick steht Weiß nach 19.Ra6 mit großem Vorteil da. Als Zeuge der
Analyse dieser Partie kann ich jedoch behaupten, dass Schwarz in allen
Abwicklungen mit einzigen Zügen zum Ausgleich kommt.'} (18... Rxc4 19. bxa5 $16
) 19. Ra6 $1 (19. Ncxb4 Rxc4 20. Qe2 Rd4 $132 {[%csl Rb4][%cal Gd4d2,Gd8b8,
Gf7f5]}) 19... Rxc4 20. Rxd6 (20. Qd3 $2 Bb5 $17) 20... b3 (20... Rxe4 $4 21.
Rxd7 Qxd7 22. Nf6+ Bxf6 23. Qxd7 $18) 21. Nce3 (21. Ncb4 Rc1 22. Qd3 (22. Qxb3
$4 Rxf1+ 23. Kxf1 Bb5+ 24. Kg1 Qxd6 $19) 22... Rxf1+ 23. Qxf1 Qc8 $132) 21...
Rd4 (21... Rxe4 $4 22. Rxd7 $18) 22. Qxb3 Qc8 $5 {Black gave up two pawns and
took only one, but both pawns on a5 and d6 were weak, while in return Radjabov
eliminated the important pawn on c3. Besides, pawns on e4 and b2 can be easier
attacked now. Black also activated the rook and can choose the right moment to
exchange one of opponent's knights. However, White is very stable with his
central knights, which create a sort of "cobweb" for the rook d4. With
accurate play from White Black still had to prove compensation.} (22... Rxe4 {
hands over the initiative to White:} 23. Nf5 Qe8 (23... Bxf5 24. Rxd8 Rxd8 25.
Qb7 $16 {[%cal Gb2b4]}) 24. Qf3 Ra4 (24... Rc4 $2 25. Qd3 {[%csl Rd7][%cal
Gd3d7,Gd5f6,Yd6d7]}) 25. b4 $14) 23. Qc2 (23. Nb6 Be6 $1 24. Qb5 Qc7 25. Rxd4
exd4 26. Qxg5 Qxb6 27. Nf5 $11) 23... Be6 (23... Bxe3 $4 24. Ne7+ $18) 24. Rc6
$1 (24. Qxc8 Rxc8 $15) 24... Qb8 25. Rb1 {This allows Black to equalize by
force.} ({White had to remove the rook from c6 in order to be able to
recapture on e3 with the pawn, without fearing ...Bxd5 after that (which would
not attack the rook c6 anymore). More problems sets} 25. Rc7 {although Black
should be able to hold:} Bxd5 $1 (25... Bxe3 $2 26. fxe3 $18) (25... f5 $2 26.
Qc6) (25... Kh8 26. b4 f5 $140 27. Qc6 Bxd5 28. exd5 Bxe3 29. fxe3 Rxd5 30.
Rxg7 $1 $16) (25... Rd8 26. b4 $14 {[%csl Rd4]}) 26. Nxd5 (26. exd5 Bxe3 27.
fxe3 Rxd5 28. Rfxf7 Rxf7 29. Rc8+ Rd8 30. Rxb8 Rxb8 $11) 26... Rd2 27. Qc3 Qxb2
28. Qg3 h6 29. h4 Bd8 $14) (25. b4 $6 Bxe3 26. fxe3 Bxd5 27. exd5 Rxd5 $11)
25... Bxe3 $1 {A timely exchange, forcing White to remove the powerful knight
from d5.} 26. Nxe3 (26. fxe3 Bxd5 $11 {[%csl Rc6]}) 26... Rfd8 $1 {Now Black
activated all his pieces and has several possibilities to increase the
pressure on opponent's position. White's main concern is pawn e4, which cannot
be supported with the f-pawn. A move like f2-f3 will weaken both the second
rank and the diagonal a7-g1.} ({Weaker is} 26... Bb3 27. Qc5 Rxe4 28. Rb6 Qa7
29. Nf5 $1 {with nasty initiative. After} Rd8 {White can make a solid move like
} 30. Rf1 $5 {which can turn out to be highly unpleasant for Black, who remain
with many "hanging" pieces:} (30. Rd6 Qa8 31. f3 Re2 32. Qa3 h6 $1 33. Qxb3
Rxd6 34. Nxd6 Qa7+ 35. Kh1 Qf2 36. Qxf7+ Kh7 37. Qf5+ Kg8 38. Rg1 Re1 39. Qf7+
Kh7 $11) 30... Kh8 (30... Ra4 31. Ne7+ Kh8 32. Nc6 $18) (30... Be6 31. Ne7+ Kh8
32. Nc6 Rc4 33. Qb5 $18) (30... h6 31. Ne7+ $18) 31. Rd6 $1 Qb8 (31... Qa8 32.
Qa3 Bc2 (32... Be6 33. Rfd1 $18) 33. Rxd8+ Qxd8 34. Nd6 Rf4 35. Rc1 $18) 32.
Qb5 $36) 27. b3 (27. Rc5 Bb3 {[%csl Re4]} 28. Qc3 Rxe4 $11) 27... Qb4 28. Nc4
Qb7 29. Ne3 1/2-1/2

[Event "Biel GM"]
[Site "Biel"]
[Date "2006.07.31"]
[Round "7"]
[White "Radjabov, Teimour"]
[Black "Pelletier, Yannick"]
[Result "1/2-1/2"]
[WhiteElo "2728"]
[BlackElo "2583"]
[Annotator "Pelletier,Y"]
[PlyCount "82"]
[EventDate "2006.07.24"]
[EventType "tourn"]
[EventRounds "10"]
[EventCountry "SUI"]
[EventCategory "17"]
[SourceTitle "CBM 114"]
[Source "ChessBase"]
[SourceDate "2006.10.02"]
[SourceVersion "1"]
[SourceVersionDate "2006.10.02"]
[SourceQuality "1"]

1. e4 c5 2. Nf3 e6 3. d4 cxd4 4. Nxd4 Nc6 5. Nc3 Qc7 6. f4 {I had not expected
this, sinceRadjabov mainly plays 1.d4. But in Biel this year all my opponents
seemed to consider 1.e4 the best move. But only Morozevich proved this with a
victory. Dies hatte ich nicht erwartet, spielt Radjabov ja meistens 1.d4. Aber
in Biel dieses Jahr schienen all meine Gegner zu denken, 1.e4 sei das beste
Rezept. Nur Morozewitsch bewies dies aber mit einem Sieg.} Nxd4 7. Qxd4 a6 8.
Be3 b5 9. O-O-O Bb7 10. Bd3 Rc8 11. Kb1 {I had looked at this variation for
White. The logical move 11...Nf6 is not in my opinion good enough for equality
(Schmaltz-Halkias), whereas Ribli's suggestion 11...Ne7? simply fails to 12.
Bxb5!. I had superficially considered the following reply as possible for
Black. Genau diese Variante hatte ich mir mal für Weiß angeschaut. Der
logische Zug 11...Nf6 verspricht m.E. keinen Ausgleich (Schmaltz-Halkias),
während Riblis Vorschlag 11...Ne7? einfach an 12.Bxb5! scheitert. Die folgende
Antwort hatte ich für Schwarz oberflächlich als möglich betrachtet.} Qc5 12.
Qxc5 ({After Im Fall von} 12. Rhe1 {White gains time in the exchanges, but
Black keeps his dark-squared bishop. After gewinnt Weiß im Abtauschprozess
Zeit, aber Schwarz behält auch die schwarzfeldrigen Läufer. Nach} Qxd4 13. Bxd4
Ne7 {his position is satisfactory. steht er befriediegend.}) 12... Bxc5 13.
Bxc5 Rxc5 14. e5 f5 {Necessary to preven Ne4. But the consequences of the
following moves had to be worked out. Wohl nötig, um Ne4 zu verhindern. Dabei
mussten natürlich die Konsquenzen der nächsten Züge richtig eingeschätzt
werden.} 15. a4 (15. Rd2 Ne7 16. Rhd1 {ought not to promise any advantage.
sollte kaum Vorteil versprechen.}) 15... Bxg2 $1 (15... bxa4 16. Nxa4 {and
sowie}) (15... b4 16. Na2 a5 17. Nc1 (17. Bb5 Bxg2 $1 18. Rhg1 Be4 $132) 17...
Bd5 18. Bb5 {can hardly be recommended. The text move only looks dangerous,
but the disappearance of the two g-pawns is more favourable to Black. It
becomes difficult to defend f4. waren kaum zu empfehlen. Der Textzug sieht nur
gefährlich aus, aber das Verschwinden beider g-Bauern begünstigt eher den
Nachziehenden. f4 wird nämlich schwer zu verteidigen.}) 16. Rhg1 Bc6 17. axb5
axb5 18. Rxg7 Ne7 19. Rg3 Ng6 20. Ne2 $6 ({The knight belongs on b4 rather.
Equality could be held without any problem by Der Springer gehört eher auf b4.
Das Gleichgewicht konnte problemlos mittels} 20. Rf1 Kf7 21. Na2 Rd5 22. c3
Rxd3 23. Rxd3 Be4 24. Nb4 {aufrechterhalten werden.}) 20... b4 21. Rdg1 Kf7 $6
({Probably Genauer war vermutlich} 21... Ra5 {was more exact, to avoid the
following possibility for White. , um die folgende weiße Möglichkeit zu
vermeiden.}) 22. Rh3 $6 ({The start of a remarkable plan. After the correct
Der Beginn eines merkwürdigen Planes. Nach dem richtigen} 22. h4 $1 Nxh4 23.
Nd4 $1 Ng6 24. Nb3 Rd5 25. Bc4 Nxf4 26. Rg7+ Ke8 27. Bxd5 Bxd5 28. Nc5 Bc6 {
Black has two pawns for the exchange and controls the centre better. But he
must still be careful because of the activity of the white pieces. hat Schwarz
zwei Bauern für die Qualität und kontrolliert das Zentrum besser. Aber wegen
der aktiven weissen Figuren muss er doch noch aufpassen.}) 22... Ra5 23. Rg5 h6
$1 24. Rgh5 ({After Nach} 24. Rgg3 {ist} h5 $1 {is unpleasant. unangenehm.})
24... Bg2 {Another good move was 24...Kg7, but the text is more forcing. Of
course it was important to correctly calculate the consequences of the piece
sacrifice. Gut war auch 24...Kg7, aber der Textzug ist zwingender. Wichtig war
es natürlich, die Konsequenzen des Figurenopfers richtig zu berechnen.} 25. Rg3
Bf1 26. Bxf5 $6 (26. Rf3 Rha8 27. Kc1 Bxe2 (27... Ra1+ $5 28. Kd2 Kg7 29. Rg3
R8a5 {is also good. ist auch gut}) 28. Bxe2 Rd5 29. Bd3 Kg7 $17) 26... exf5 27.
Rxf5+ Ke7 28. Rxg6 (28. Nd4 {allows erlaubt} Ra6 {at once, or after the
intermediate move sofort, oder nach dem Zwischenzug} (28... Rha8)) 28... Bxe2
29. Rg7+ {Something strange happened here. Some two minutes after making his
move Radjabov offered me a draw. Had there not been only 8 minutes till the
time control, this clearly unfair disturbance would not have been a great
problem. But the moment was "well" chosen. Of course I never considered
accepting with such a favourable position. But the offer interrupted my
thinking so that I had to recalculate the most important variations from the
start. This cost me a further 3 minutes, causing me to be short of time to
evaluate the winning position. Hier passierte etwas Seltsames. Erst 2 Minuten
nachdem Radjabov seinen Zug ausgeführt hatte, bot er mir Remis an. Wären mir
nicht nur rund 8 Minuten bis zur Zeitkontrolle geblieben, wäre diese klare
unfaire Störung kein großes Problem gewesen. Doch der Junge wählte den
Zeitpunkt "richtig". Selbstverständlich dachte ich nie daran, bei solch
vorteilhafter Stellung anzunehmen. Aber das Angebot störte meine Gedanken so,
dass ich die wichtigsten Varianten vom Anfang an wieder berechnen musste. Dies
kostete mich weitere 3 Minuten, wobei mir dann die Zeit fehlte, um die
Gewinnstellung zu verwerten.} Kd8 (29... Ke6 30. Rf6+ Kd5 31. Rxd7+ Ke4 {
I rejected on account of verwarf ich wegen} 32. Rb6 {, but after , aber nach}
Bb5 {Black is still better. on the other hand the text move is safer. steht
Schwarz immer noch besser. Andererseits ist der Textzug sicherer.}) 30. b3 (30.
Rff7 Rd5 31. e6 $2 Rd1+ 32. Ka2 Bc4+ 33. b3 Bxe6) 30... Rd5 31. Rff7 Re8 32.
Rf6 Re6 33. Rf8+ Kc7 {Repeating moves is a good idea in time trouble... So
here 33...Re8 In Zeitnot gilt es, die Züge immer mal zu wiederholen... Hier
also 33...Re8} 34. Ra8 Ra6 $2 ({After this it should be a draw. Correct was
Danach sollte es Remis werden. Richtig waren} 34... Bb5) ({or even oder sogar} 
34... Rd4 35. Ra7+ Kc6 $19) 35. Rxa6 Bxa6 36. e6 Kd8 37. Rg6 $6 ({More exact
was Genauer war} 37. Rg8+ Ke7 38. exd7 {, although after , obwohl Schwarz nach}
Kxd7 (38... Bb5 39. Rh8 Bxd7 40. Rxh6 Bf5 41. Rc6 $11) 39. Rg7+ Kc6 $1 {
Black still has good chances of success, e.g. he wins after immer noch gute
Erfolgschancen hat, z.B. gewinnt er nach} 40. Rg6+ Rd6 41. f5 Rxg6 (41... Bc8
42. f6) 42. fxg6 Bc8 43. Kb2 Kd5 44. g7 Be6 45. c3 bxc3+ 46. Kxc3 Ke5 47. b4
Kf6 48. b5 Kxg7 49. b6 Bc8 50. Kd4 Kf6) 37... Rd6 $2 ({Since b4 and a6 will
disappear, another pawn had to be retained. Da b4 und h6 verschwinden werden,
musste unbedingt noch ein Bauer behalten werden:} 37... d6 $17) 38. f5 dxe6 39.
Rxh6 Ke7 40. Rxe6+ Rxe6 41. fxe6 Kxe6 1/2-1/2